| 000 | 00381cam a2200157ua 4500 | ||
|---|---|---|---|
| 041 |
_ahin _h |
||
| 082 |
_a891.54 _bRAM/PA |
||
| 100 | _aRamnaresh, Tripadi . | ||
| 245 |
_aPadhik / _cRamnaresh tripadi. _hTextual Documents |
||
| 250 |
_a1 / _b. |
||
| 260 |
_aCalcutta : _bAsarsh pustak bandar , _c1956. |
||
| 300 | _a50 ; . | ||
| 504 | _a | ||
| 942 | _cBK | ||
| 999 |
_c11468 _d11468 |
||